00590nam a2200181 a 4500001000400000003000900004008004100013040002800054082001700082100002100099245002800120260003800148300001000186490001600196505016100212650001300373650002200386931CO-ViMGA141112s2004 ck r 000 u spa d aCO-ViMGAbspacCO-ViMGA04a320.533 G8421 aGuichonnet, Paul10aMussolini y el fascismo aBarcelona : bOikos - tau, c1970 a125 p aQue se?, 11 aLos orígenes del fascismo 9 - - El advenimiento del fascismo 25 - - El estado fascista y los exitos del regimen 49 - - Declive y caída del fascismo 87 14aFASCISMO14aMUSSOLINI, BENITO